000 00269nam a2200109Ia 4500
008 190912s9999||||xx |||||||||||||| ||und||
100 _aDonald Jenner
245 0 _aLearn Desktop Graphics and Design on The PC
260 _aUK
_bAddison
_c1995
300 _a350
942 _cBK
999 _c7275
_d7275